Statistics for Disney Movies By Character

Click here to take the quiz!

General Stats

  • This quiz has been taken 1,737 times
  • The average score is 12 of 15

Answer Stats

Hint Answer % Correct
BelleBeauty And The Beast
98%
ArielThe Little Mermaid
97%
SimbaThe Lion King
97%
RapunzelTangled
94%
MowgliThe Jungle Book
88%
The Magic MirrorSnow White
88%
Mad HatterAlice In Wonderland
87%
WendyPeter Pan
86%
MaleficentSleeping Beauty
82%
JaneTarzan
82%
HansFrozen
81%
Cruella de Vil101 Dalmatians
72%
MegaraHercules
54%
EsmereldaThe Hunchback Of Notre Dame
52%
GoobMeet The Robinsons
24%

Score Distribution

Percentile by Number Answered

Percent of People with Each Score

Your Score History

You have not taken this quiz